| 000 | 00000nam##2200000za#4500 |
| 001 | 9.648013 |
| 003 | CaOODSP |
| 005 | 20210615112912 |
| 007 | ta |
| 008 | 150407|2001||||xxc||||| f|0| 0 eng|d |
| 020 | |a0-662-29910-8 |
| 040 | |aCaOODSP|beng |
| 043 | |an-cn--- |
| 086 | 1 |aA22-166/1-2001E |
| 110 | 1 |aCanada. |bAgriculture and Agri-Food Canada. |
| 245 | 10|aAgriculture in harmony with nature : |bII, Agriculture and Agri-Food Canada's sustainable development strategy, 2001-2004 |
| 260 | |aOttawa - Ontario : |bAgriculture and Agri-Food Canada |c2001. |
| 300 | |aviii, 65p. : |billus. ; |c28 cm. |
| 563 | |aSoftcover |
| 590 | |a01-14|b2001-04-06 |
| 690 | 07|aNatural resources|2gcpds |
| 690 | 07|aAgricultural sector|2gcpds |
| 690 | 07|aAgricultural policy|2gcpds |
| 690 | 07|aEnvironmental management|2gcpds |
| 775 | 08|tL'agriculture en harmonie avec la nature : |w(CaOODSP)9.681399 |
| 776 | 0#|tAgriculture in harmony with nature : |w(CaOODSP)9.693508 |